Reflexiones y propuestas de políticas para mejorar la distribución del ingreso en Argentina (Registro nro. 3904)

Detalles MARC
000 -LEADER
fixed length control field 01410 a2200229 4500
001 - CONTROL NUMBER
control field 45053
005 - DATE AND TIME OF LATEST TRANSACTION
control field 20260407155726.0
008 - FIXED-LENGTH DATA ELEMENTS--GENERAL INFORMATION
fixed length control field 260407a2009 arg spa d
003 - CONTROL NUMBER IDENTIFIER
control field AR-UNSa-BCEJYS
040 ## - CATALOGING SOURCE
Original cataloging agency AR-UNSa-BCEJYS
Language of cataloging spa
Transcribing agency AR-UNSa-BCEJYS
080 ## - UNIVERSAL DECIMAL CLASSIFICATION NUMBER
Universal Decimal Classification number 304.4
Common auxiliary subdivision Aspectos generales de las políticas y prácticas sociales y culturales (política social)
020 ## - INTERNATIONAL STANDARD BOOK NUMBER
International Standard Book Number 978-92-2-322628-2
041 ## - LANGUAGE CODE
Language code of text/sound track or separate title spa
100 1# - MAIN ENTRY--PERSONAL NAME
Personal name Keifman, Saúl N.
245 10 - TITLE STATEMENT
Title Reflexiones y propuestas de políticas para mejorar la distribución del ingreso en Argentina
264 #1 - PRODUCTION, PUBLICATION, DISTRIBUTION, MANUFACTURE, AND COPYRIGHT NOTICE
Place of production, publication, distribution, manufacture Buenos Aires :
Name of producer, publisher, distributor, manufacturer OIT
Date of production, publication, distribution, manufacture, or copyright notice 2009
300 ## - PHYSICAL DESCRIPTION
Extent 266 p.
Dimensions 29 cm.
505 ## - FORMATTED CONTENTS NOTE
Formatted contents note 1.Coordinación de políticas e instituciones para la mejora de la distribución del ingreso en Argentina / Saúl N. Keifman – 2. Políticas públicas y desigualdad de ingresos en Argentina : evolución reciente y opciones de política / Giovanni Andrea Cornia – 3. Análisis de la situación tributaria argentina y propuestas de reformas impositivas destinadas a mejorar la distribución del ingreso / Juan C. Gómez Sabaini, Darío Rossignolo – 4. Politicas de transferencias monetarias en Argentina: evaluación de su impacto sobre la pobreza y la desigualdad, y avaluación de sus costos.
590 ## - LOCAL NOTE (RLIN)
Local note niveau_biblio:m niveau_hierar:0
856 41 - ELECTRONIC LOCATION AND ACCESS
Uniform Resource Identifier <a href="https://www.biblioeco.unsa.edu.ar/pmb/images/libros/L127075.jpg">https://www.biblioeco.unsa.edu.ar/pmb/images/libros/L127075.jpg</a>
Link text Imagen de portada
Electronic format type image/jpeg
942 ## - ADDED ENTRY ELEMENTS (KOHA)
Koha item type
Existencias
Withdrawn status Lost status Damaged status Not for loan Home library Current library Shelving location Date acquired Total checkouts Full call number Barcode Date last seen Price effective from Koha item type
        Biblioteca Prof. Eusebio Cleto del Rey Biblioteca Prof. Eusebio Cleto del Rey   07/04/2026   304.4 K27 L127075 07/04/2026 07/04/2026 Libro